| 000 | 004490000a22001810004500 | ||
|---|---|---|---|
| 003 | MACL | ||
| 005 | 20160122163803.0 | ||
| 008 | 160122b xxu||||| |||| 00| 0 eng d | ||
| 040 |
_aMACL _cMACL |
||
| 041 | _aEnglish | ||
| 082 | _a540/CPH | ||
| 100 |
_aKrishan, Dr Sushil _934171 |
||
| 245 | _aIIT-JEE Chemistry | ||
| 260 |
_bCentury Publishing House _c2002 _aNew Delhi |
||
| 350 | _a415 | ||
| 650 |
_aChemistry _934173 |
||
| 942 |
_cBK _k540/KRI _2ddc |
||
| 999 |
_c33534 _d33534 |
||